Формирование сильноточных пучков в электронной пушке с термоэмиссионным катодом; Мощные генераторы и усилители на релятивистских электронных потоках

Библиографические подробности
Источник:Мощные генераторы и усилители на релятивистских электронных потоках.— 1984.— С. 120
Главный автор: Жерлицын А. Г. Алексей Григорьевич
Другие авторы: Кузнецов С. И. Сергей Иванович
Примечания:В фонде НТБ ТПУ отсутствует
Язык:русский
Опубликовано: 1984
Предметы:
Формат: MixedMaterials Статья
Запись в KOHA:https://koha.lib.tpu.ru/cgi-bin/koha/opac-detail.pl?biblionumber=598823

MARC

LEADER 00000naa0a2200000 4500
001 598823
005 20250402091240.0
035 |a (RuTPU)RU\TPU\tpu\22621 
035 |a RU\TPU\tpu\22212 
090 |a 598823 
100 |a 20130204d1984 k y0rusy50 ca 
101 0 |a rus 
102 |a RU 
200 1 |a Формирование сильноточных пучков в электронной пушке с термоэмиссионным катодом  |f А. Г. Жерлицын, С. И. Кузнецов 
333 |a В фонде НТБ ТПУ отсутствует 
463 |t Мощные генераторы и усилители на релятивистских электронных потоках  |o тезисы докладов IV Всесоюзного семинара по релятивистской высокочастотной электронике (Москва, 24-26 января 1984 года)  |v С. 120  |d 1984 
610 1 |a труды учёных ТПУ 
700 1 |a Жерлицын  |b А. Г.  |c специалист в области электроники  |c инженер-проектировщик Томского политехнического университета, кандидат технических наук  |f 1948-  |g Алексей Григорьевич  |3 (RuTPU)RU\TPU\pers\28821  |9 13595 
701 1 |a Кузнецов  |b С. И.  |c физик  |c доцент Томского политехнического университета, кандидат технических наук  |f 1952-  |g Сергей Иванович  |3 (RuTPU)RU\TPU\pers\27957  |4 070  |9 12947 
801 1 |a RU  |b 63413507  |c 20101119 
801 2 |a RU  |b 63413507  |c 20130204  |g RCR 
942 |c BK